00663nam a22002177a 450000500170000001000130001702000100003003500130004003700140005308200100006710000240007724501130010124600840021426000180029827000120031630000200032865000240034865000310037265000230040365000190042620200102161058.0 aA-770651 c50.00 aA-770651 bBPPD/Pub. a840.8 aامیر عارفی aلیلا کے خطوط اور مجنو کی ڑایری کا تنقیدی مطالعہ /cامیر عارفی aLaila Ke Khatoot Aur Majnu Ki Diary Ka Tanqeedi Mutalaa (Urdu) /bby Amir Arifi b-a-c1994 ء a-b-e- a144p.c20cm(Hb) aادب -- اردو  aاردو افسانے  aLiterature -- urdu aUrdu stories